| 000 | 00436nam a22001577a 4500 | ||
|---|---|---|---|
| 003 | NUST - PNEC | ||
| 005 | 20170116181051.0 | ||
| 008 | 150929b xxu||||| |||| 00| 0 eng d | ||
| 040 | _cLibrary | ||
| 082 | _a628.167 MUB | ||
| 100 |
_911868 _aMubeen, Fayyaz Muddassir |
||
| 245 |
_aDesalination by Questions and Answers _cFayyaz Muddassir Mubeen |
||
| 260 | _c2006 | ||
| 650 |
_911870 _aSeawater--Distillation _xMESMC |
||
| 942 |
_2ddc _cBK |
||
| 999 |
_c68383 _d68383 |
||